Convención de Viena. (Registro nro. 142)
[ vista simple ]
| 000 -CABECERA | |
|---|---|
| campo de control de longitud fija | 00733nam a2200217 a 4500 |
| 001 - NÚMERO DE CONTROL | |
| campo de control | 000000142 |
| 005 - FECHA Y HORA DE LA ÚLTIMA TRANSACCIÓN | |
| campo de control | 20260520104305.0 |
| 008 - DATOS DE LONGITUD FIJA--INFORMACIÓN GENERAL | |
| campo de control de longitud fija | 081028s2007 dr 000 0 spa d |
| 040 ## - FUENTE DE LA CATALOGACIÓN | |
| Centro catalogador/agencia de origen | DO-SdBNP |
| Lengua de catalogación | spa |
| Centro/agencia transcriptor | BNPHU |
| Centro/agencia modificador | BNPHU |
| 082 ## - NÚMERO DE LA CLASIFICACIÓN DECIMAL DEWEY | |
| Número de clasificación | 327 |
| Número de documento/Ítem | C766v |
| 111 2# - ENTRADA PRINCIPAL--NOMBRE DE CONGRESO/REUNIÓN | |
| Nombre de congreso/reunión o jurisdicción como elemento de entrada | Convención de Viena |
| Fecha del congreso/reunión | (1961: |
| Sede del congreso/Lugar de la reunión | Viena ) |
| 9 (RLIN) | 467 |
| 245 10 - MENCIÓN DE TÍTULO | |
| Título | Convención de Viena. |
| 260 ## - PUBLICACIÓN, DISTRIBUCIÓN, ETC. | |
| Lugar de publicación, distribución, etc. | Santo Domingo : |
| Nombre del editor, distribuidor, etc. | Secretaría de Estado de Relaciones Exteriores, |
| Fecha de publicación, distribución, etc. | 2007. |
| 300 ## - DESCRIPCIÓN FÍSICA | |
| Extensión | 42 p. ; |
| Dimensiones | 12 cm. |
| 500 ## - NOTA GENERAL | |
| Nota general | Presentación por Ariel A. Álvarez embajador adscrito |
| 500 ## - NOTA GENERAL | |
| Nota general | Contiene glosario |
| 590 ## - NOTA LOCAL (RLIN) | |
| Nota local | Inventariado, 2018/BT |
| 650 #4 - PUNTO DE ACCESO ADICIONAL DE MATERIA--TÉRMINO DE MATERIA | |
| Término de materia o nombre geográfico como elemento de entrada | Convención de viena |
| Subdivisión cronológica | 1961 |
| 9 (RLIN) | 468 |
| 650 #0 - PUNTO DE ACCESO ADICIONAL DE MATERIA--TÉRMINO DE MATERIA | |
| Término de materia o nombre geográfico como elemento de entrada | Relaciones internacionales |
| 9 (RLIN) | 399 |
| 910 ## - DATOS DE OPCIÓN DEL USUARIO (OCLC) | |
| Datos de opción del usuario | Validado. Control de calidad. EMS |
| Estado de retiro | Estado de pérdida | Restricciones de uso | No para préstamo | Código de colección | Localización permanente | Ubicación/localización actual | Ubicación en estantería | Fecha de adquisición | Número de inventario | Total de préstamos | Signatura topográfica completa | Código de barras | Fecha visto por última vez | Número de copia | Precio válido a partir de | Tipo de ítem Koha | Fuente de adquisición |
|---|---|---|---|---|---|---|---|---|---|---|---|---|---|---|---|---|---|
| Préstamo en sala | Dominicana de Servicio | Biblioteca Nacional Pedro Henríquez Ureña | Biblioteca Nacional Pedro Henríquez Ureña | Depósito | 17.01.2012 | LF1 | 327 C766v | 142-30 | 25.06.2020 | e. 3 | 25.06.2020 | Libros y folletos | |||||
| Excluido de préstamo | Patrimonio Dominicano | Biblioteca Nacional Pedro Henríquez Ureña | Biblioteca Nacional Pedro Henríquez Ureña | Depósito | 19.06.2009 | LF1 | 327 C766v | 142-10 | 25.06.2020 | 25.06.2020 | No se presta | 001064 | |||||
| Excluido de préstamo | Patrimonio Dominicano | Biblioteca Nacional Pedro Henríquez Ureña | Biblioteca Nacional Pedro Henríquez Ureña | Depósito | 19.06.2009 | LF1 | 327 C766v | 142-20 | 25.06.2020 | e. 2 | 25.06.2020 | No se presta | 001065 |
